Chiết ghép, giâm cành, tách chồi cây ăn quả

Sách hướng dẫn cách nhân nhanh, nhiều cây giống chất lượng tốt bằng các phương pháp tiên tiến (chiết ghép, giâm cành, tách chồi). Các phương pháp nhân giống bày không chỉ áp dụng trong lĩnh vực cây ăn quả mà cả trong lĩnh vực cây lâm nghi...

Cijeli opis

Spremljeno u:
Bibliografski detalji
Glavni autor: Trần Thế Tục
Format: Knjiga
Jezik:Undetermined
Izdano: Hà Nội Nông Nghiệp 1998
Teme:
Oznake: Dodaj oznaku
Bez oznaka, Budi prvi tko označuje ovaj zapis!
Thư viện lưu trữ: Trung tâm Học liệu Trường Đại học Cần Thơ
LEADER 00995nam a2200181Ia 4500
001 CTU_28058
008 210402s9999 xx 000 0 und d
082 |a 634.04 
082 |b T506/1998 
100 |a Trần Thế Tục 
245 0 |a Chiết ghép, giâm cành, tách chồi cây ăn quả 
245 0 |c Trần Thế Tục, Hoàng Ngọc Thuận 
260 |a Hà Nội 
260 |b Nông Nghiệp 
260 |c 1998 
520 |a Sách hướng dẫn cách nhân nhanh, nhiều cây giống chất lượng tốt bằng các phương pháp tiên tiến (chiết ghép, giâm cành, tách chồi). Các phương pháp nhân giống bày không chỉ áp dụng trong lĩnh vực cây ăn quả mà cả trong lĩnh vực cây lâm nghiệp, cây công nghiệp, cây thuốc, cây cảnh và hoa 
650 |a fruit trees,fruit-culture 
980 |a Trung tâm Học liệu Trường Đại học Cần Thơ